000 00607nam a2200181Ia 4500
005 20260601193221.0
008 260601s9999||||xx |||||||||||||| ||und||
020 _a978-3-031-34910-2
_qebk
100 _aJavad Baqersad
245 0 _aComputer Vision & Laser Vibrometry, Volume 6
250 _a2024
260 _aHeidelberg, Germany
_bSpringer Nature
_c2024
440 _aConference Proceedings of the Society for Experimental Mechanics Series
650 _aComputer Science
700 _aDario Di Maio
856 _uhttps://link.springer.com/openurl?genre=book&isbn=978-3-031-34910-2
942 _cEB
_2ddc
999 _c55806
_d55806